Atlas de los animales: Invertebrados

Bibliographic Details
Main Author: Visor E. A. S. A
Format: Section = Libro
Language:Undetermined
Spanish
Published: Argentina CINCO 2002
Subjects:
LEADER 00514nam a2200205Ia 4500
008 240829s9999 xx 000 0 und d
020 |a 987-522-262-3 
040 |a BIBLIOTECA-RUSB/ Ref 592 V832 
041 |a spa 
082 |a Ref 592 V832 
100 1 |a Visor E. A. S. A 
245 1 0 |a Atlas de los animales: Invertebrados 
260 |a Argentina  |b CINCO  |c 2002 
300 |a 79 p. :il. 
650 7 |a ANIMALES- ATLAS 
650 7 |b  INVERTEBRADOS 
650 7 |c  NATURALEZA 
942 |c BK  |2 ddc 
991 |a TEXTO 
999 |c 6073